[Event "GER Seniors Derby 14th"]
[Site "Wesel Undeloh"]
[Date "2015.04.18"]
[Round "7"]
[White "Winterstein, Holger"]
[Black "Wenke, Reinhard"]
[Result "1-0"]
[WhiteElo "1786"]
[BlackElo "1517"]
[PlyCount "91"]
[EventDate "2015.04.15"]
[EventType "swiss"]
[EventRounds "9"]
[EventCountry "GER"]
[SourceTitle "EXT 2018"]
[Source "ChessBase"]
[SourceDate "2017.10.13"]
[SourceVersion "1"]
[SourceVersionDate "2017.10.13"]
[SourceQuality "1"]

1. e4 e5 2. f4 d5 3. Nf3 dxe4 4. Nxe5 Nf6 5. Bc4 Be6 6. Bxe6 fxe6 7. Nc3 Bc5 8. Qe2 0-0 9. Nxe4 Nxe4 10. Qxe4 Nc6 11. Nxc6 bxc6 12. d3 Kh8 13. Be3 Bxe3 14. Qxe3 Qf6 15. 0-0-0 Rab8 16. c3 a5 17. Rhf1 Rb5 18. Rd2 Rf5 19. Re1 Rxf4 20. Qxe6 Qg5 21. Qe5 R4f5 22. Qe3 Qf6 23. Qe7 Qh6 24. h3 Rf2 25. Qe3 Rf1 26. Kc2 Rxe1 27. Qxe1 Qg5 28. Re2 h6 29. Qd2 Qb5 30. b3 a4 31. Qe3 axb3+ 32. axb3 Rb8 33. Qe6 Ra8 34. b4 Qa4+ 35. Kd2 Qa1 36. Qxc6 Qb2+ 37. Ke3 Qc1+ 38. Kd4 Rd8+ 39. Kc4 Qf4+ 40. Qe4 Qf7+ 41. Qe6 Qf4+ 42. Re4 Qf1 43. Rd4 Rxd4+ 44. Kxd4 Qxg2 45. Qe8+ Kh7 46. Qe4+ 1-0

[Event "Hamburg Junge op"]
[Site "Hamburg"]
[Date "2005.10.08"]
[Round "8"]
[White "Titgemeyer, Thomas"]
[Black "Winterstein, Holger"]
[Result "1/2-1/2"]
[WhiteElo "1724"]
[BlackElo "1895"]
[PlyCount "56"]
[EventDate "2005.10.01"]
[EventType "swiss"]
[EventRounds "9"]
[EventCountry "GER"]
[SourceTitle "CBM 108 Extra"]
[Source "ChessBase"]
[SourceDate "2005.11.04"]
[SourceVersion "1"]
[SourceVersionDate "2005.11.04"]
[SourceQuality "1"]

1. d4 d5 2. c4 dxc4 3. e3 c5 4. Bxc4 cxd4 5. exd4 Nf6 6. Nc3 e6 7. Nf3 a6 8. 0-0 b5 9. Bb3 Bd6 10. Bg5 Bb7 11. d5 0-0 12. dxe6 fxe6 13. Bxe6+ Kh8 14. Nd5 Nbd7 15. Bxd7 Bxd5 16. Bxf6 Qxd7 17. Bc3 Bxf3 18. gxf3 Rad8 19. f4 Qh3 20. Qe2 Bxf4 21. f3 Rfe8 22. Rad1 h6 23. Rxd8 Rxd8 24. Qg2 Qxg2+ 25. Kxg2 Kg8 26. Re1 Kf7 27. Re4 Bc7 28. a4 g6 1/2-1/2

[Event "Hamburg Junge op"]
[Site "Hamburg"]
[Date "2005.10.06"]
[Round "6"]
[White "Winterstein, Holger"]
[Black "Wiese, Phil"]
[Result "0-1"]
[WhiteElo "1895"]
[BlackElo "1961"]
[PlyCount "72"]
[EventDate "2005.10.01"]
[EventType "swiss"]
[EventRounds "9"]
[EventCountry "GER"]
[SourceTitle "CBM 108 Extra"]
[Source "ChessBase"]
[SourceDate "2005.11.04"]
[SourceVersion "1"]
[SourceVersionDate "2005.11.04"]
[SourceQuality "1"]

1. e4 e6 2. c4 d5 3. cxd5 exd5 4. exd5 Qxd5 5. Nf3 Nf6 6. Nc3 Qd8 7. Bc4 Bd6 8. 0-0 0-0 9. h3 Nbd7 10. d4 Nb6 11. Bb3 c6 12. Ne5 Nfd7 13. f4 Bc7 14. Ne4 Nf6 15. Ng5 Nbd5 16. Qd3 h6 17. Bd2 hxg5 18. fxg5 Bxe5 19. dxe5 Nh7 20. Bc2 g6 21. h4 Ne7 22. Qc3 Bf5 23. Bb3 Qd3 24. Qxd3 Bxd3 25. Rf3 Bf5 26. Bb4 Rfe8 27. Rd1 Nd5 28. Rd4 Nxb4 29. Rxb4 Re7 30. Rd4 Nf8 31. g4 Be6 32. Bc2 Bd5 33. Rf6 Rxe5 34. Rdf4 Rae8 35. Bd3 Rd8 36. a3 Nh7 0-1

[Event "Hamburg Junge op"]
[Site "Hamburg"]
[Date "2005.10.02"]
[Round "2"]
[White "Johannsen, Dennis"]
[Black "Winterstein, Holger"]
[Result "1-0"]
[WhiteElo "2099"]
[BlackElo "1895"]
[PlyCount "65"]
[EventDate "2005.10.01"]
[EventType "swiss"]
[EventRounds "9"]
[EventCountry "GER"]
[SourceTitle "CBM 108 Extra"]
[Source "ChessBase"]
[SourceDate "2005.11.04"]
[SourceVersion "1"]
[SourceVersionDate "2005.11.04"]
[SourceQuality "1"]

1. Nf3 Nc6 2. d4 d6 3. Bg5 Nf6 4. Nbd2 h6 5. Bh4 Bf5 6. e3 g5 7. Bg3 Nh5 8. d5 Nxg3 9. hxg3 Ne5 10. Bb5+ c6 11. Nxe5 cxb5 12. Qf3 Qc8 13. g4 dxe5 14. Qxf5 Qxf5 15. gxf5 h5 16. Ne4 f6 17. 0-0-0 Rc8 18. d6 Rc4 19. f3 exd6 20. Nxf6+ Kf7 21. Nxh5 Rh4 22. g4 Rxh1 23. Rxh1 d5 24. Rd1 Bc5 25. Rxd5 Bxe3+ 26. Kd1 Re8 27. Rxb5 Re7 28. Ke2 a6 29. Rd5 Bc1 30. b3 b5 31. Kd3 Bb2 32. Ng3 Rc7 33. Ne4 1-0